000 00958nam a2200205 a 4500
001 4492
003 CO-ViMGA
008 141112s2004 ck r 000 u spa d
040 _aCO-ViMGA
_bspa
_cCO-ViMGA
082 0 4 _a346.0482 A285
100 1 _aAcuña Oscar
_955265
245 1 0 _aManual de derecho de autor :
_bPara las Bibliotecas Públicas en Colombia
260 _aBogotá :
_bCerlalc,
_c2006
300 _a98p
505 _aLas actividades de las Bibliotecas 19 - - Acceso a la cultura y propiedad intelectual 21 - - Sistema de protección nacional del derecho de autor 25 - - Deerchos de autor Conceptos básicos 31 - - Excepciones al derecho de autor 48 - - Excepciones que se podrían establecer para bibliotecas 62 - - Principales preguntas que interesan a las bibliotecas 65
650 1 4 _aDERECHOS DE AUTOR
650 1 4 _aDERECHOS DE AUTOR - LEGISLACION - COLOMBIANA
_955267
650 1 4 _aDERECHOS DE AUTOR - MANUALES
_955268
942 _2ddc
_cBK
999 _c16502
_d16502